000 00954caa a22002417a 4500
999 _c419338
_d419338
001 131126
003 UA-OsUOA
005 20200127100449.0
007 ta
008 20180522b un ||||| |||| 00| 0 ukr d
040 _aUA-OsUOA
_bukr
_cUA-OsUOA
_dUA-OsUOA
041 _aukr
080 _a908
090 _a908
_bХ76
100 _aХоміч Д.
245 _aСтратегічна роль Волинської губернії у планах Російського військового командування напередодні війни 1812 року
_cД. Хоміч
300 _aС. 30–34
650 7 _a908 Краєзнавство
_2UDC
773 0 _0387794
_9411657
_dОстрог НаУОА 2013
_o143116
_tАктуальні питання історії та культури України
_w(UA-OsUOA) 101686
942 _cBKA
_2udc
955 _a1